Click A Bro II: Electric Brogaloo Quiz Stats

Quiz Updated Aug 22, 2012

Also try: Click A Bro
Challenge
Share
Tweet
Embed
Score 0/23 Timer 05:00
0 Plays Today
% Correct
Brohann Sebastian Bach
94.4%
bro siento
94.2%
broatmeal
94.2%
bro-BQ
93.8%
broakup
92.2%
bro clap
92.1%
brotox
92.1%
bro ahead
90.5%
bromaid
89.1%
brohamas
88.4%
Broseidon
85.8%
brofestation
84.2%
% Correct
brobroaholic
79.5%
brobituary
78.1%
brojan horse
76.8%
bromeo
75%
Brohandas Gandhi
71%
brobasaur
67.9%
broa constrictor
67.9%
Brobama
67.9%
brofender
67.6%
Brosa Parks
63.8%
bro train
60.5%

You're not logged in!

Compare scores with friends on all Sporcle quizzes.
Join for Free
OR
Log In

You Might Also Like...

Show Comments

Extras

Top Quizzes Today


Score Distribution

Your Account Isn't Verified!

In order to create a playlist on Sporcle, you need to verify the email address you used during registration. Go to your Sporcle Settings to finish the process.

Report this User

Report this user for behavior that violates our Community Guidelines.

Details: